logo

Bir Sreshtho Munshi Abdur Rouf Library
Jhenaidah Cadet College

উচ্চতর মাধ্যমিক রসায়ন : (Record no. 9099)

MARC details
000 -LEADER
fixed length control field 00686nam a22002177a 4500
001 - CONTROL NUMBER
JCCL Control Number 9099
003 - CONTROL NUMBER IDENTIFIER
JCCL marc code OSt
005 - DATE AND TIME OF LATEST TRANSACTION
control field 20180717101758.0
008 - FIXED-LENGTH DATA ELEMENTS--GENERAL INFORMATION
fixed length control field 180308b1976 bg ||||| |||| 00| 0 ben d
035 ## - SYSTEM CONTROL NUMBER
system control number (BD-JhCC)9099
040 ## - CATALOGING SOURCE
Original cataloging agency BD-JhCC
Modifying agency BD-JhCC
041 ## - LANGUAGE CODE
Language code of Book ben
082 ## - DEWEY DECIMAL CLASSIFICATION NUMBER
Classification number 547
Author mark and Year JAB 1976
100 ## - MAIN ENTRY--PERSONAL NAME
Personal name জব্বার, মো: আব্দুল
245 ## - TITLE STATEMENT
Title উচ্চতর মাধ্যমিক রসায়ন :
Statement of responsibility, etc অজৈব (ভৌত, অধাতু ও ধাতু) /
Remainder of title মো: আব্দুল জব্বার
260 ## - PUBLICATION, DISTRIBUTION, ETC. (IMPRINT)
Place of publication, distribution, etc ঢাকা:
Date of publication, distribution, etc 1976.
300 ## - PHYSICAL DESCRIPTION
Pagination 1005 p. :
Dimensions 22 cm.
650 ## - SUBJECT ADDED ENTRY--TOPICAL TERM
Topical term or geographic name as entry element Inorganic Cher
942 ## - ADDED ENTRY ELEMENTS (KOHA)
Source of classification or shelving scheme Dewey Decimal Classification
Koha item type Books
Holdings
Source of classification or shelving scheme Damaged status Not for loan Home library Current library Shelving location Date of accession Cost, normal purchase price Total Checkouts Full call number Barcode Date last seen Copy number Koha item type
Dewey Decimal Classification     JCC Rouf Library JCC Rouf Library General Stacks 03/08/2018 60.00   547 JAB 1976 11683 03/08/2018 C-1 Books

JCC Library | Contacts | JCC Home

Last Update on 23 September 2017
Copyright @ 2017-2020 JCC Rouf Library
Rouf Library, Jhenidah Cadet College (JCC), Bangladesh